000 00522nam a2200217Ia 4500
003 OSt
005 20220924134357.0
006 a|||||r|||| 00| 0
007 ta
008 220923b |||||||| |||| 00| 0 snd d
024 _a273927
037 _cTextual
040 _aARTS
_cARTS
_bsnd
041 _2snd
_asnd
082 _aO1593,3NDO1,GU, K5
100 _aDodeja
_9207556
245 0 _aGumrah
260 _c1965
942 _hO1593,3NDO1,GU, K5
_cTEXL
_2CC
999 _c437297
_d437297